[Event "South Wales op 3rd"]
[Site "Caerleon"]
[Date "2006.07.13"]
[Round "9.24"]
[White "Bridges, Paul"]
[Black "Khanna, Larry"]
[Result "1-0"]
[WhiteElo "1767"]
[BlackElo "1553"]
[PlyCount "55"]
[EventDate "2006.07.08"]
[EventType "swiss"]
[EventRounds "9"]
[EventCountry "WLS"]
[SourceTitle "CBM 113 Extra"]
[Source "ChessBase"]
[SourceDate "2006.09.14"]
[SourceVersion "1"]
[SourceVersionDate "2006.09.14"]
[SourceQuality "1"]

1. e4 d6 2. Bc4 Nf6 3. d3 g6 4. Bg5 Bg7 5. Nc3 Nc6 6. Nge2 0-0 7. Qd2 a6 8. 0-0 Bd7 9. f4 Ng4 10. h3 Nf6 11. f5 Nh5 12. g4 Nf6 13. Rf2 Na5 14. Bd5 c6 15. Bb3 Nxb3 16. axb3 Qc7 17. Raf1 Rac8 18. Rg2 b5 19. h4 b4 20. Nd1 a5 21. h5 gxh5 22. Bh6 hxg4 23. Qg5 Ne8 24. Bxg7 f6 25. Qxg4 h5 26. Qg6 Rf7 27. Bxf6+ Kf8 28. Qg8# 1-0

[Event "South Wales op 3rd"]
[Site "Caerleon"]
[Date "2006.07.13"]
[Round "8.26"]
[White "Khanna, Larry"]
[Black "Owens, Megan R"]
[Result "1-0"]
[WhiteElo "1553"]
[BlackElo "1501"]
[PlyCount "75"]
[EventDate "2006.07.08"]
[EventType "swiss"]
[EventRounds "9"]
[EventCountry "WLS"]
[SourceTitle "CBM 113 Extra"]
[Source "ChessBase"]
[SourceDate "2006.09.14"]
[SourceVersion "1"]
[SourceVersionDate "2006.09.14"]
[SourceQuality "1"]

1. e4 c5 2. Nf3 a6 3. d4 cxd4 4. Nxd4 e5 5. Nf3 Nf6 6. Bc4 d5 7. exd5 e4 8. Qe2 Bg4 9. Qe3 Qc7 10. Bb3 Bc5 11. Nd4 0-0 12. Qc3 Qe7 13. a3 Rc8 14. Be3 Bxa3 15. Qd2 Bb4 16. c3 Bd6 17. h3 Bd7 18. Na3 Bxa3 19. Rxa3 a5 20. Ra1 a4 21. c4 Na6 22. Bxa4 Nc5 23. b3 Nxb3 24. Nxb3 Rxa4 25. Rxa4 Bxa4 26. Nc5 b5 27. Nxa4 bxa4 28. c5 Qb7 29. d6 Qb1+ 30. Qd1 Qb4+ 31. Qd2 Qb1+ 32. Qd1 Qxd1+ 33. Kxd1 Nd7 34. Ke2 Nxc5 35. Rc1 a3 36. Rxc5 Rxc5 37. Bxc5 a2 38. d7 1-0

[Event "South Wales op 3rd"]
[Site "Caerleon"]
[Date "2006.07.12"]
[Round "7.22"]
[White "Bennett, Patrick"]
[Black "Khanna, Larry"]
[Result "1-0"]
[WhiteElo "2128"]
[BlackElo "1553"]
[PlyCount "105"]
[EventDate "2006.07.08"]
[EventType "swiss"]
[EventRounds "9"]
[EventCountry "WLS"]
[SourceTitle "CBM 113 Extra"]
[Source "ChessBase"]
[SourceDate "2006.09.14"]
[SourceVersion "1"]
[SourceVersionDate "2006.09.14"]
[SourceQuality "1"]

1. Nf3 Nf6 2. g3 g6 3. Bg2 Bg7 4. d4 d5 5. 0-0 0-0 6. c4 e6 7. Nc3 c6 8. b3 Nbd7 9. Bb2 Nb6 10. Qd3 Bd7 11. Rad1 Qc7 12. Ne5 Rad8 13. Qc2 c5 14. Nxd7 Rxd7 15. Nb5 Qc8 16. dxc5 Na8 17. Nxa7 Qxc5 18. Bd4 Qa5 19. Qb2 Nh5 20. Nb5 Bxd4 21. Rxd4 Rfd8 22. Rfd1 Nb6 23. Qd2 Qxd2 24. R4xd2 Nf6 25. c5 Na8 26. e4 Rc8 27. b4 Rcd8 28. exd5 exd5 29. a4 Kf8 30. Rd4 g5 31. Re1 h6 32. Re5 Kg7 33. Bh3 g4 34. Bxg4 Nxg4 35. Rxg4+ Kf6 36. Re3 Nc7 37. Nxc7 Rxc7 38. Rd4 Rcc8 39. f4 Ra8 40. a5 Rd7 41. Re5 Rad8 42. Kf2 Kg6 43. Ke2 f6 44. f5+ Kf7 45. Re6 Rg8 46. a6 bxa6 47. Rxa6 Rg5 48. c6 Rc7 49. Rxd5 Rg4 50. Rb6 Rc4 51. b5 Rc2+ 52. Kd3 Rb2 53. Rb7 1-0

[Event "South Wales op 3rd"]
[Site "Caerleon"]
[Date "2006.07.09"]
[Round "3.21"]
[White "Schmitz, Andreas Arnold"]
[Black "Khanna, Larry"]
[Result "1-0"]
[WhiteElo "2118"]
[BlackElo "1553"]
[PlyCount "79"]
[EventDate "2006.07.08"]
[EventType "swiss"]
[EventRounds "9"]
[EventCountry "WLS"]
[SourceTitle "CBM 113 Extra"]
[Source "ChessBase"]
[SourceDate "2006.09.14"]
[SourceVersion "1"]
[SourceVersionDate "2006.09.14"]
[SourceQuality "1"]

1. e4 c6 2. Nc3 d5 3. Qf3 e6 4. e5 Nd7 5. d4 c5 6. Be3 Ne7 7. 0-0-0 Nf5 8. Bb5 c4 9. Nxd5 Nh4 10. Qh5 exd5 11. e6 Ng6 12. exd7+ Bxd7 13. Qxd5 Bxb5 14. Qxb5+ Qd7 15. Qxc4 Rc8 16. Qb3 Bd6 17. Nf3 0-0 18. h4 Rc7 19. h5 Nf4 20. g3 Ne6 21. Ne5 Bxe5 22. dxe5 Qe7 23. Bxa7 Rfc8 24. Rd2 Nc5 25. Bxc5 Qxc5 26. Rhd1 h6 27. Rd8+ Rxd8 28. Rxd8+ Kh7 29. Qd3+ g6 30. hxg6+ fxg6 31. Rd7+ Rxd7 32. Qxd7+ Kg8 33. Qd8+ Kg7 34. Qf6+ Kh7 35. e6 Qa5 36. b3 Qa3+ 37. Kb1 Qd6 38. Qf7+ Kh8 39. Qe8+ Kg7 40. Qd7+ 1-0

[Event "WLS-ch Minor"]
[Site "Cardiff"]
[Date "2005.03.27"]
[Round "5"]
[White "Evans, James"]
[Black "Khanna, Larry"]
[Result "1-0"]
[WhiteElo "1280"]
[BlackElo "1270"]
[PlyCount "111"]
[EventDate "2005.03.26"]
[EventType "swiss"]
[EventRounds "7"]
[EventCountry "WLS"]
[SourceTitle "EXT 2006"]
[Source "ChessBase"]
[SourceDate "2005.11.24"]
[SourceVersion "1"]
[SourceVersionDate "2005.11.24"]
[SourceQuality "1"]

1. e4 c5 2. Nc3 d6 3. f4 Nc6 4. Nf3 Bg4 5. Bb5 a6 6. Bxc6+ bxc6 7. 0-0 g6 8. h3 Bd7 9. d3 Bg7 10. Qe1 Nf6 11. Rb1 0-0 12. Qh4 e6 13. e5 dxe5 14. fxe5 Nd5 15. Bg5 Qc7 16. Bf6 Ne3 17. Bxg7 Kxg7 18. Qf6+ Kg8 19. Rf2 Qd8 20. Ne4 c4 21. Qxd8 Raxd8 22. Nf6+ Kg7 23. dxc4 Nxc4 24. b3 Na3 25. Rd1 Bc8 26. Rfd2 Rxd2 27. Rxd2 Nb5 28. Ne4 h6 29. c4 Nc7 30. Nd6 g5 31. Nxc8 Rxc8 32. Rd7 Kf8 33. Rd6 Ne8 34. Rd7 Rc7 35. Rd8 Ra7 36. Rc8 a5 37. Rxc6 a4 38. b4 Rc7 39. Rxc7 Nxc7 40. Kf2 Na6 41. a3 Ke7 42. Ke3 f5 43. exf6+ Kxf6 44. Kd4 Ke7 45. c5 Kd7 46. b5 Nc7 47. Kc4 Nd5 48. Ne5+ Kc7 49. b6+ Kb7 50. g4 Nf4 51. Kb5 Nxh3 52. c6+ Kc8 53. Ka6 Nf2 54. Ka7 Ne4 55. b7+ Kc7 56. b8Q# 1-0